| 000 | 01571nam a2200349 4500 | ||
|---|---|---|---|
| 003 | MX-MxINE | ||
| 005 | 20260530113911.0 | ||
| 008 | 260504b2003 sp a|||| |||| 00| 0 eng d | ||
| 020 | _a3936761086 | ||
| 040 |
_aICI _bspa _cICI _erda |
||
| 041 | _aMUL | ||
| 050 |
_a N6494.M5 _bM552 2003 |
||
| 245 | 0 | 0 |
_aMinimalism = Minimalismo = Minimaliamo _bminimal-minimalism. A historical consideration = Minimal-minimalism. Una reflexion historica = Minimal-minimalism. Una riflessione storica / _c tr. Mary Cecelia Black, Paola Consolaro y Maurizio Siliato ; edit. Lola Gómez y Susana González Torras |
| 246 | 3 | 0 | _aMinimalist : fashion, design and furniture, architecture, interiors = Minimalista ; moda, diseño y muebles, arquitectura, interiores = Ninimalista : moda, design e mobili, architettura, interni |
| 264 | 1 |
_aBerlin : _bFeierabend, _c2003 |
|
| 300 |
_a851 páginas : _bilustraciones |
||
| 336 |
_2rdacontent _atexto |
||
| 337 |
_2rdamedia _asin medio |
||
| 338 |
_2rdacarrier _avolumen |
||
| 500 | _aTexto en ingles, español e italiano | ||
| 650 | 4 |
_aArte minimal _933448 |
|
| 650 | 4 |
_a Arquitectura minimalista _933449 |
|
| 650 | 4 |
_a Arquitectura moderna _ySiglo XX _933450 |
|
| 650 | 4 |
_a Arquitectura de interiores _xHistoria _ySiglo XX _933451 |
|
| 653 | _aMinimalismo | ||
| 700 | 1 |
_aCecelia Black, Mary, _etraductor _933452 |
|
| 700 | 1 |
_aCosolaro, Paola, _etraductor _933453 |
|
| 700 | 1 |
_aSiliato, Maurizio, _etraductor _929217 |
|
| 700 | 1 |
_aGomez, Lola, _eedit. _933454 |
|
| 700 | 1 |
_aGonzalez Torras, Susana, _eeditor _933455 |
|
| 942 |
_2lcc _n1 _cBK |
||
| 999 |
_c12142 _d12142 |
||